000 00605cam a22001814a 4500
005 20250605164353.0
008 250528s ||||||||||||||||||||||||d
035 _a24148
040 _aGR-AtMCL
_bgre
_dGR-AtMCL
_eAACR2
245 1 _aSmart Buildings: Making Buildings Smarter, Greener, and More Energy-Efficient
260 _bEe Times Europe,
_c2020
300 _a59
520 _aOEMs See No Easy ADAS-to-AV Path, T&M Trends and Challenges for 5G and IoT, Boards and Solutions: Open-Source Platform.
700 1 _aPele Anne Francoise
_99414
942 _cCR
999 _c9046
_d9046